Község a város szélén önerőre támaszkodóknak ajánlva : Közművesített, kedvező árú telkekkel /
Elmentve itt :
| Szerző: | |
|---|---|
| Dokumentumtípus: | Cikk |
| Megjelent: |
1990-04-11
|
| Sorozat: | Délmagyarország
80 No. 85 |
| Kulcsszavak: | Sándorfalva, Lakásépítés Sándorfalva, Településfejlesztés közművesítés Sándorfalva |
| Online Access: | http://dmarchiv.bibl.u-szeged.hu/86393 |
| LEADER | 00616nab a2200157 i 4500 | ||
|---|---|---|---|
| 001 | delm86393 | ||
| 005 | 20190925152531.0 | ||
| 008 | 190925s1990 hu o 0|| hun d | ||
| 040 | |a SZTE Délmagyarország Archívum |b hun | ||
| 041 | |a hun | ||
| 100 | 1 | |a Szabó Magdolna | |
| 245 | 1 | 0 | |a Község a város szélén |h [elektronikus dokumentum] : |b önerőre támaszkodóknak ajánlva : Közművesített, kedvező árú telkekkel / |c Szabó Magdolna |
| 260 | |c 1990-04-11 | ||
| 300 | |a 1-2 | ||
| 490 | 0 | |a Délmagyarország |v 80 No. 85 | |
| 695 | |a Sándorfalva, Lakásépítés Sándorfalva, Településfejlesztés közművesítés Sándorfalva | ||